| 000 | 00693nam a2200253Ia 4500 | ||
|---|---|---|---|
| 003 | OSt | ||
| 005 | 20220925210925.0 | ||
| 006 | a|||||r|||| 00| 0 | ||
| 007 | ta | ||
| 008 | 220923b |||||||| |||| 00| 0 eng d | ||
| 037 | _cGeneral Book | ||
| 040 |
_aRTL _cRTL _beng |
||
| 041 |
_2eng _aeng |
||
| 082 | _aU:(G:5), N0 | ||
| 100 |
_aMathur H S _9273517 |
||
| 245 | 0 | _aTrends in ecological geography | |
| 260 |
_aJaipur _bPointer Publishers India _c1990 |
||
| 300 |
_avi,223p _ccm. |
||
| 500 | _aBib chapterwise | ||
| 650 | _aGeography-Modern | ||
| 700 |
_a Singh R B _9257398 |
||
| 942 |
_hU:(G:5), N0 _cGB _2CC |
||
| 999 |
_c556282 _d556282 |
||